000 00287 a2200145 4500
001 185432
020 _a
040 _cMagnum
100 _aRegina, Tia
240 1 0 _aO lobisomem
_lpor
245 1 0 _aO lobisomem
300 _a15
697 _aLITERATURA INFANTO-JUVENIL
942 _cBK
999 _c185432
_d185432